| 000 | 01502nam a2200229 i 4500 | ||
|---|---|---|---|
| 001 | 159945 | ||
| 003 | ES-MaACL | ||
| 005 | 20230906211904.0 | ||
| 008 | 000112s1870 sp |||| | spa d | ||
| 080 | _a622.349.9 | ||
| 100 | 1 |
_aMonasterio y Correa, José. _9130044 |
|
| 245 | 1 | 0 | _aMemoria presentada al Excmo. Sr. Ministro de Hacienda por el inspector general de minas, D. José de Monasterio y Correa, sobre el ensayo comparativo del sistema de destilación de los minerales de mercurio propuesto por el ingeniero francés M. Emile Pillet, con relación al que se sigue en Almadén en los hornos llamados de Idria, 1869. |
| 260 |
_aMadrid : _b[s.n.], _c1870 ( _fImp. de J.M. Lapuente) |
||
| 300 |
_a100 p., [1] h. de plano pleg. ; _c26 cm. |
||
| 530 | _aDisponible en formato digital. | ||
| 650 | 4 |
_aMinerales de mercurio. _9165401 |
|
| 852 | 4 |
_aES-MaACL _jT-176-F-2 _z- Enc. hol., falto de cub. original _z- Enc. en un vol. facticio |
|
| 852 | 4 |
_aES-MaACL _jT-152-F-8 _z- Enc. hol. _z- Enc. en un vol. facticio _z- Dedicatoria autógrafa del autor |
|
| 852 | 4 |
_aES-MaACL _jT-902-F-11 _z- Enc. hol., falto de cub. original _z- Enc. en un vol. facticio _z- Legado de Federico de Botella y de Hornos |
|
| 852 | 4 |
_aES-MaACL _jL-32450(5) _z- Enc. cart. _z- Enc. en un vol. facticio, con tít. en el lomo de: España, geología: memorias varias, 3 _z- Legado Federico de Botella y de Hornos |
|
| 856 | 4 |
_uhttp://bdh-rd.bne.es/viewer.vm?id=0000048384&page=1 _zBiblioteca Digital Hispánica |
|
| 999 |
_c159945 _d159945 |
||